000 00875nam a2200325Ia 4500
001 25207
003 IT-RoPAU
008 130308s9999 xx 000 0 und d
040 _aIT-RoPAU
040 _cIT-RoPAU
041 _aITALIANO
100 _aAA.VV.
100 _gCodice Aut. SPICS: 12000
245 _aTeatro contemporaneo-Appendice 1-1983
245 _bTeatro Contemporaneo-Appendice 1-1983
250 _a1a ed.
260 _aROMA
260 _bLucarini
260 _c1983 [1° Ed.:1983 - Ed.Ling.Originale:1983]
300 _a"406 p. (prefazione: 6; testo: 400)"
500 _aSaggi e Testimonianze Teatro Visionico spettacoli Bibliografia
650 _aSTORIA DEL TEATRO
650 _eCodice materia Spics: 8408
700 _aVerdone Mario
700 _gCodice Aut. SPICS: 86
942 _cBK
957 _71
999 _c75393
_d75393
999 _bSI
999 _g1